आद्य संस्कृती गोपराष्ट्राची / (Record no. 54520)

MARC details
000 -LEADER
fixed length control field 01104nam a22002297a 4500
005 - DATE AND TIME OF LATEST TRANSACTION
control field 20110728112413.0
008 - FIXED-LENGTH DATA ELEMENTS--GENERAL INFORMATION
fixed length control field 110728t xxu||||| |||| 00| 0 mar d
010 ## - LCCN (DPL NO)
LC control number MAR-21156
020 ## - INTERNATIONAL STANDARD BOOK NUMBER
Terms of availability 250.00
035 ## - SYSTEM CONTROL NUMBER
System control number MR-13814
037 ## - SOURCE OF ACQUISITION
Source of stock number/acquisition DPL/PUB
040 ## - CATALOGING SOURCE
Original cataloging agency DPL
Language of cataloging MR
082 ## - DEWEY DECIMAL CLASSIFICATION NUMBER
Classification number 398.2
100 ## - MAIN ENTRY--PERSONAL NAME
Personal name देसाई,उल्हास प्रभू
9 (RLIN) 30273
245 ## - TITLE STATEMENT
Title आद्य संस्कृती गोपराष्ट्राची /
Remainder of title उल्हास प्रभू देसाई
246 ## - VARYING FORM OF TITLE
Title proper/short title Aadya Sanskuruti Goparatrachi
Remainder of title by Ullas Prabhu Desai
260 ## - PUBLICATION, DISTRIBUTION, ETC. (IMPRINT)
Place of publication, distribution, etc गोवा
Name of publisher, distributor, etc उल्हास प्रभू देसाई
Date of publication, distribution, etc 2011
270 ## - ADDRESS
Address " चंद्रेश्वर " टाकी,शेल्डे,केपे
City गोवा
Postal code 411030
300 ## - PHYSICAL DESCRIPTION
Extent 251पृ.
Dimensions 22सेमी(अजिल्द)
Other physical details सचित्र
942 ## - ADDED ENTRY ELEMENTS (KOHA)
Source of classification or shelving scheme Dewey Decimal Classification
Item type Marathi Books
Classification part 398.2
Call number suffix देसाई
Holdings
Withdrawn status Lost status Source of classification or shelving scheme Damaged status Not for loan Collection code Home library Current library Date acquired Source of acquisition Cost, normal purchase price Total Checkouts Full call number Barcode Date last seen Copy number Cost, replacement price Koha item type
    Dewey Decimal Classification   Not For Loan Non-fiction D.B.Act.Division D.B.Act.Division 28/07/2011 DBAD / PUB 250.00   398.2 देसाई MR-13814 28/07/2011 1 250.00 Marathi Books

© Delhi Public Library
Hit Counter
free hit counter